1 monument, 4 Pays - Statistiques

Statistiques générales
  • Ce quiz a été pris 137 fois
  • Le résultat moyen est 11 sur 15
Statistiques - réponses
Question Réponse % Correct
Où se trouve la Muraille de ... ? Chine
100%
Où se trouve la Tour Eiffel ? France
99%
Où se trouve la Tokyo Tower ? Japon
97%
Où se trouve Big Ben ? Royaume-Uni
97%
Où se trouve le Casino de Monte-Carlo ? Monaco
95%
Où se trouve le Colisée ? Italie
94%
Où se trouve le Parthénon ? Grèce
91%
Où se trouve le Burj Khalifa ? Emirats arabes unis
86%
Où se trouve le Mont Rushmore ? Etats-Unis
84%
Où se trouve la Porte de Brandebourg ? Allemagne
69%
Où se trouve le Mansu Hill Grand Monument ? Corée du Nord
58%
Où se trouve le Mausolée de Laurent Désiré Kabila ? R. D. Congo
49%
Où se trouve le Château de Peleș ? Roumanie
49%
Où se trouve le Maqam Echahid ? Algérie
41%
Ou se trouvaient les Bouddhas de Bâmiyân ? Afghanistan
17%
Aucun quiz correspondant
Distribution des résultats
% des personnes avec chaque résultat
Percentile par nombre de réponses
Votre historique - résultats
Vous n’avez pas pris ce quiz